<?xml version="1.0" encoding="UTF-8"?>
<record
    xmlns:xsi="http://www.w3.org/2001/XMLSchema-instance"
    xsi:schemaLocation="http://www.loc.gov/MARC21/slim http://www.loc.gov/standards/marcxml/schema/MARC21slim.xsd"
    xmlns="http://www.loc.gov/MARC21/slim">

  <leader>01536nam a22001937a 4500</leader>
  <controlfield tag="008">180416b        xxu||||| |||| 00| 0 eng d</controlfield>
  <datafield tag="020" ind1=" " ind2=" ">
    <subfield code="a">0030340675</subfield>
  </datafield>
  <datafield tag="050" ind1=" " ind2=" ">
    <subfield code="a">HB172.P744</subfield>
  </datafield>
  <datafield tag="100" ind1=" " ind2=" ">
    <subfield code="a">Mankiw, Gregory N.</subfield>
  </datafield>
  <datafield tag="245" ind1=" " ind2=" ">
    <subfield code="a">Principles of microeconomics. /</subfield>
    <subfield code="c">Gregory N. Mankiw et al.</subfield>
  </datafield>
  <datafield tag="260" ind1=" " ind2=" ">
    <subfield code="a">Toronto :</subfield>
    <subfield code="b">Thomson Nelson,</subfield>
    <subfield code="c">2002.</subfield>
  </datafield>
  <datafield tag="300" ind1=" " ind2=" ">
    <subfield code="a">xi, 512 p. :</subfield>
    <subfield code="b">ill. ;</subfield>
    <subfield code="c">26cm.</subfield>
  </datafield>
  <datafield tag="500" ind1=" " ind2=" ">
    <subfield code="a">Includes Index.</subfield>
  </datafield>
  <datafield tag="505" ind1=" " ind2=" ">
    <subfield code="a">Contents:Part one:  Introduction: Ten principles of economics -- Thinking like Economist -- Interdependence and the Gains from trade --Part two:  Supply and demand1: How markets work: The market forces of supply and demand -- Elasticity and its Application -- Supply, demand and Government Policies -- Part three:  Supply and demand 2: Markets and welfare: Consumers, producers, and Efficiency of Markets -- Applications:The cost of taxation -- Application: International trade -- Part four: The Economics of the Public Sector: Externalities -- Public goods and common resources -- The design of the Tax system -- Part five: Firm Behaviour and the organization of industry: The cost of production -- Firms in competitives market -- Monopoly -- Oligopoly -- Monopolistic Competition -- Part six: The economics of Labour Market: The markets for the factors of production -- Earnings and Discrimination income Inequality and Poverty -- Part Seven: Advanced Topics: The Theory of Consumer choice.  </subfield>
  </datafield>
  <datafield tag="700" ind1=" " ind2=" ">
    <subfield code="a">Kneebone Ronald D.</subfield>
  </datafield>
  <datafield tag="700" ind1=" " ind2=" ">
    <subfield code="a">McKenzie, Kenneth J.</subfield>
  </datafield>
  <datafield tag="700" ind1=" " ind2=" ">
    <subfield code="a"> Rowe, Nicholas.</subfield>
  </datafield>
  <datafield tag="942" ind1=" " ind2=" ">
    <subfield code="2">lcc</subfield>
    <subfield code="c">BK</subfield>
  </datafield>
  <datafield tag="999" ind1=" " ind2=" ">
    <subfield code="c">6569</subfield>
    <subfield code="d">14069</subfield>
  </datafield>
  <datafield tag="952" ind1=" " ind2=" ">
    <subfield code="0">0</subfield>
    <subfield code="1">0</subfield>
    <subfield code="2">lcc</subfield>
    <subfield code="4">0</subfield>
    <subfield code="7">0</subfield>
    <subfield code="a">WIUC-1</subfield>
    <subfield code="b">WIUC-1</subfield>
    <subfield code="c">GEN</subfield>
    <subfield code="d">2018-04-16</subfield>
    <subfield code="l">0</subfield>
    <subfield code="o">HB172.P744</subfield>
    <subfield code="p">8054/016/16</subfield>
    <subfield code="r">2018-04-16 00:00:00</subfield>
    <subfield code="t">1</subfield>
    <subfield code="w">2018-04-16</subfield>
    <subfield code="y">BK</subfield>
  </datafield>
</record>
